000 00972cad a22001935a 4500
001 L145686
008 081030e2008 xxk 000 0 eng d
035 _a(Sirsi) u145686
041 0 _aeng
100 1 _aKitchingham, Rebecca
245 0 0 _aAsset management for landlords in the current economic climate
_h[electronic resource]
260 _a[S.l.]
_bMondaq
_c2008
520 _aDescribes how asset managers and lawyers can deliver maximum value by streamlining the letting process and by minimising the damage on tenant default and insolvency, thereby securing rental income to offset falls in capital value. Concludes that lawyers need to be talking to landlords about these sorts of practical matters now.
590 _aKA
651 4 _aUnited Kingdom
_y
690 _aPROPERTY-LEASEHOLD PROPERTY-LANDLORD AND TENANT
856 4 0 _uhttps://www.mondaq.com/article.asp?articleid=66374&rss=17/
_zView this article (after registration) at www.mondaq.com...
942 _n0
999 _c80920
_d80920